01475nam a2200253Ia 450000500170000000800410001704000440005804100080010208200160011010000380012624201440016424501240030824601040043226000600053630000240059650003940062050500080101450600220102252000520104465000160109665000500111265000290116270000300119120151207141507.0130821s1917 enk grdd eng  aCo-BoUCMbspacSandra YazodSandra Yazo0 aeng04aR470.032201 aLewis, Charlton Thomasd1834-190400aUn diccionario de latín fundado en la edición de Andrews del diccionario de latín de Freundcpor Charlon T Lewis y Charles Shortyspa10aA Latin dictionarybfounded on Andrews' edition of Freund's Latin dictionary ...cby Charlon T. Lewis and Charles Short13a[Un diccionario de latín fundado en la edición de Andrews del diccionario de latín de Freund] aOxford (Oxfordshire, Inglaterra)bClarendon Pressc1917 axiv, 2019 páginas aDetalles físicos: Encuadernación rígida en cartón forrado en cuero café; sobre las tapas recuadro repujado, letras y adornos en dorado sobre el lomo, incluye un pequeño escudo. Ejemplar desencuadernado. Rotas sus guardas y anteportada. Portada impresa a una sola tinta en diversos tipos de letra. Texto impreso en tres columnas con letra muy densa sobre papel de buena calidad. aA-Z aConsulta en sala. aTerminos latinos con su descripción en ingles04aFilología04aLatínvDiccionarios y enciclopediasxIngles04aLingüística aplicada1 aShort, Charlesd1761-1838